Statistical and computational methods in data analysis. (Record no. 16278)
[ view plain ]
| 000 -LEADER | |
|---|---|
| fixed length control field | 00516cam a2200157 4500 |
| 040 ## - CATALOGING SOURCE | |
| Transcribing agency | DLC |
| 082 00 - DEWEY DECIMAL CLASSIFICATION NUMBER | |
| Classification number | 519 AME 1970 A084 Or. |
| 100 1# - MAIN ENTRY--AUTHOR NAME | |
| Personal name | Brandt, Siegmund. |
| 245 10 - TITLE STATEMENT | |
| Title | Statistical and computational methods in data analysis. |
| 260 ## - PUBLICATION, DISTRIBUTION, ETC. (IMPRINT) | |
| Place of publication | Amsterdam, |
| Name of publisher | North-Holland Pub. Co.; |
| Place of publication | New York, |
| Name of publisher | American Elsevier Pub. Co., |
| Year of publication | 1970. |
| 300 ## - PHYSICAL DESCRIPTION | |
| Number of Pages | xii, 323 p. |
| Dimensions | 23 cm. |
| 500 ## - GENERAL NOTE | |
| General note | Translation of Statistische Methoden der Datenanalyse. |
| 650 #0 - SUBJECT ADDED ENTRY--TOPICAL TERM | |
| Topical Term | Probabilities. |
| 650 #0 - SUBJECT ADDED ENTRY--TOPICAL TERM | |
| Topical Term | Mathematical statistics. |
| 942 ## - ADDED ENTRY ELEMENTS (KOHA) | |
| Koha item type | សៀវភៅភាសាអង់គ្លេស |
| 952 ## - LOCATION AND ITEM INFORMATION (KOHA) | |
| Withdrawn status [LOCAL, KOHA] | 0 |
| Permanent Location | Date acquired | Koha item type | Lost status | Shelving location | Barcode | Current Location | Full call number |
|---|---|---|---|---|---|---|---|
| Library Block A | 2018-01-29 | សៀវភៅភាសាអង់គ្លេស | A084 | A26460 | Library Block A | 519 AME 1970 A084 Or. |